Soil nitrogen index and its calibration with crop performance to improve fertilizer efficiency on arable soils. (Record no. 28693)

MARC details
000 -LEADER
fixed length control field 00444nam a2200133Ia 4500
082 ## - DEWEY DECIMAL CLASSIFICATION NUMBER
Classification number 631.42
Item number ROB
100 ## - MAIN ENTRY--AUTHOR NAME
Personal name ROBINSON, J B D
245 #0 - TITLE STATEMENT
Title Soil nitrogen index and its calibration with crop performance to improve fertilizer efficiency on arable soils.
260 ## - PUBLICATION, DISTRIBUTION, ETC. (IMPRINT)
Place of publication England
Name of publisher CAB
Year of publication 1975
490 ## - SERIES STATEMENT
Series statement Commonwealth bureau of soils, publication; no 1
650 ## - SUBJECT ADDED ENTRY--TOPICAL TERM
Topical Term Soil nitrogen
942 ## - ADDED ENTRY ELEMENTS (KOHA)
Koha item type Books
Holdings
Withdrawn status Lost status Damaged status Not for loan Home library Current library Date acquired Full call number Accession Number Koha item type
        RRII Library RRII Library 16/12/2021 631.42 ROB 09288 Books